| 000 | 00692nam a22001937a 4500 | ||
|---|---|---|---|
| 005 | 20231220154614.0 | ||
| 010 | _aB-756018-024 | ||
| 020 |
_a9780143445906 _c250.00 |
||
| 035 | _aB-756018-024 | ||
| 037 | _aK.K. Publication | ||
| 082 | _aS | ||
| 100 |
_aBhinder,Shravya _960083 |
||
| 245 |
_aSomething I Never Told You/ _cShravya Bhinder |
||
| 260 |
_aHaryana _bPenguin Metro Reads _c2019 |
||
| 270 |
_a4th Floor, Capital Tower 1, MG Road Gurugram _bHaryana _e122002 |
||
| 300 |
_a225p. _c20cm(pbk) |
||
| 942 |
_2ddc _cEN _mBHI _hS |
||
| 999 |
_c199353 _d199353 |
||